header

Programmer's ultimate security deskref (Record no. 164046)

MARC details
000 -LEADER
fixed length control field 01100nam a2200289Ia 4500
100 1# - MAIN ENTRY--AUTHOR NAME
Personal name Foster, James.
245 10 - TITLE STATEMENT
Title Programmer's ultimate security deskref
260 ## - PUBLICATION, DISTRIBUTION, ETC. (IMPRINT)
Place of publication Rockland, MA :
Name of publisher Syngress Publishing,
Year of publication c2004.
300 ## - PHYSICAL DESCRIPTION
Number of Pages xvi, 588 p. :
Other physical details ill.
500 ## - GENERAL NOTE
General note Includes index.
650 #0 - SUBJECT ADDED ENTRY--TOPICAL TERM
Topical Term Computer programming.
Topical Term Computer security.
700 1# - ADDED ENTRY--PERSONAL NAME
Personal name Foster, Stephen C.
856 40 - ELECTRONIC LOCATION AND ACCESS
Uniform Resource Identifier http://site.ebrary.com/lib/rucke/Doc?id=10067187

No items available.

© 2026 Rongo University
Contact us: librarian | system librarian | Rongo university